Miếng da lừa
Đã lưu trong:
| Príomhúdar: | |
|---|---|
| Formáid: | Leabhar |
| Teanga: | Undetermined |
| Foilsithe: |
H.
Văn học
2013
|
| Ábhair: | |
| Rochtain Ar Líne: | http://lrc.tdmu.edu.vn/opac/search/detail.asp?aID=2&ID=22739 |
| Clibeanna: |
Cuir Clib Leis
Gan Chlibeanna, Bí ar an gcéad duine leis an taifead seo a chlibeáil!
|
| Thư viện lưu trữ: | Trung tâm Học liệu Trường Đại học Thủ Dầu Một |
|---|
| LEADER | 00602nam a2200193Ia 4500 | ||
|---|---|---|---|
| 001 | TDMU_22739 | ||
| 008 | 210410s9999 xx 000 0 und d | ||
| 082 | |a 843 | ||
| 090 | |b B100 | ||
| 100 | |a Balzac, Honoré de | ||
| 245 | 0 | |a Miếng da lừa | |
| 245 | 0 | |c Honoré de Balzac; Trọng Đức (dịch) | |
| 260 | |a H. | ||
| 260 | |b Văn học | ||
| 260 | |c 2013 | ||
| 300 | |a 427 tr. | ||
| 650 | |a Tiểu thuyết |z Pháp; Văn học Pháp | ||
| 856 | |u http://lrc.tdmu.edu.vn/opac/search/detail.asp?aID=2&ID=22739 | ||
| 980 | |a Trung tâm Học liệu Trường Đại học Thủ Dầu Một | ||